illustrated classics (Record no. 9861)

MARC details
000 -LEADER
fixed length control field 00944nam a22001937a 4500
003 - CONTROL NUMBER IDENTIFIER
control field OSt
005 - DATE AND TIME OF LATEST TRANSACTION
control field 20260424083123.0
008 - FIXED-LENGTH DATA ELEMENTS--GENERAL INFORMATION
fixed length control field 260424b |||||||| |||| 00| 0 eng d
020 ## - INTERNATIONAL STANDARD BOOK NUMBER
International Standard Book Number 9788184082067
040 ## - CATALOGING SOURCE
Original cataloging agency DWCL GS lib
Transcribing agency OC
082 ## - DEWEY DECIMAL CLASSIFICATION NUMBER
Classification number Fic. D776 2008
100 ## - MAIN ENTRY--PERSONAL NAME
Personal name Dumas, Alexandre
245 ## - TITLE STATEMENT
Title illustrated classics
Remainder of title the count of monte cristo
260 ## - PUBLICATION, DISTRIBUTION, ETC.
Place of publication, distribution, etc. India
Name of publisher, distributor, etc. indiana publishing house
Date of publication, distribution, etc. c2008
300 ## - PHYSICAL DESCRIPTION
Extent 238
Other physical details illustrations
Dimensions 21cm
520 ## - SUMMARY, ETC.
Summary, etc. The Count of Monte Cristo is a classic adventure novel by Alexandre Dumas about a young sailor, Edmond Dantès, who is falsely accused of treason and imprisoned for 14 years. After a daring escape, he uses a vast hidden treasure to reinvent himself as the wealthy and enigmatic Count of Monte Cristo to exact a cold, calculated revenge on the men who betrayed him.
700 ## - ADDED ENTRY--PERSONAL NAME
Personal name Alexandre Dumas
942 ## - ADDED ENTRY ELEMENTS (KOHA)
Source of classification or shelving scheme Dewey Decimal Classification
Koha item type Fiction
Classification part Fic. D776 2008
Suppress in OPAC No
952 ## - LOCATION AND ITEM INFORMATION (KOHA)
--
Holdings
Withdrawn status Lost status Source of classification or shelving scheme Damaged status Not for loan Home library Current library Shelving location Date acquired Source of acquisition Total Checkouts Full call number Barcode Date last seen Price effective from Koha item type Uniform Resource Identifier
    Dewey Decimal Classification     Grade School Library College Library Fiction 04/24/2026 School Fund, Donation   Fic. D776 2008 20489 04/24/2026 04/24/2026 FIC.